PUZZLES TO PUZZLE YOU (Record no. 3598)

MARC details
000 -LEADER
fixed length control field 00327nam a2200133Ia 4500
008 - FIXED-LENGTH DATA ELEMENTS--GENERAL INFORMATION
fixed length control field 240624s9999 xx 000 0 und d
041 ## - LANGUAGE CODE
Language code of text/sound track or separate title eng
082 ## - DEWEY DECIMAL CLASSIFICATION NUMBER
Classification number 793.73 DEV
100 ## - MAIN ENTRY--PERSONAL NAME
Personal name SHAKUNTALA DEVI
245 ## - TITLE STATEMENT
Title PUZZLES TO PUZZLE YOU
260 ## - PUBLICATION, DISTRIBUTION, ETC.
Date of publication, distribution, etc. 2005
Place of publication, distribution, etc. New Delhi
Name of publisher, distributor, etc. Orient Paperbacks
300 ## - PHYSICAL DESCRIPTION
Extent 144 : p. : cm. ; 19
365 ## - TRADE PRICE
Currency code
Holdings
Withdrawn status Lost status Damaged status Not for loan Home library Current library Shelving location Date acquired Source of acquisition Cost, normal purchase price Total Checkouts Total Holds Full call number Barcode Date due Date last seen Date last checked out Copy number Price effective from Koha item type
        IMTN IMTN Rack 38-A 06/05/2006 WBD 55.00 3 266 793.73 DEV 3598 01/21/2026 01/11/2026 01/11/2026 1 06/24/2024 Books
Designed & Maintained by: LRC IMT Nagpur Contact: lrc@imtnag.ac.in© 2024. All Rights Reserved.